[Event "Open - 5 Day"]
[Site "Philadelphia"]
[Date "2001.07.05"]
[Round "3"]
[White "Anderson, Renard W"]
[Black "Garcia, Gildardo"]
[Result "0-1"]
[WhiteElo "2280"]
[BlackElo "2538"]
[PlyCount "70"]
[EventDate "2001.07"]

1. e4 c5 2. Nf3 d6 3. d4 cxd4 4. Nxd4 Nf6 5. Nc3 a6 6. Bc4 e6 7. Bb3 b5 8. O-O
Be7 9. Qf3 Qb6 10. Be3 Qb7 11. Qg3 Nbd7 12. f3 Nc5 13. Rfd1 Bd7 14. e5 dxe5 15.
Qxe5 Rc8 16. a3 O-O 17. Ba2 Rfe8 18. b4 a5 19. Ndxb5 axb4 20. axb4 Na6 21. Na7
Qc7 22. Qxc7 Rxc7 23. Ncb5 Rxc2 24. Bb3 Nxb4 25. Bd4 Bxb5 26. Nxb5 Rcc8 27. Ba4
Red8 28. Na7 Rc4 29. Bb6 Rxd1+ 30. Bxd1 Nfd5 31. Bf2 Bf6 32. Bb3 Rc7 33. Rd1
Nc3 34. Rd6 Ncd5 35. Bxd5 Rc1+ 0-1

[Event "Open - 5 Day"]
[Site "Philadelphia"]
[Date "2001.07.05"]
[Round "3"]
[White "Ariel, Donny"]
[Black "Benjamin, Joel"]
[Result "0-1"]
[WhiteElo "2381"]
[BlackElo "2652"]
[PlyCount "112"]
[EventDate "2001.07"]

1. Nf3 Nf6 2. g3 d5 3. Bg2 c6 4. b3 Bg4 5. Bb2 Nbd7 6. c4 e6 7. O-O Bd6 8. d3
O-O 9. Nc3 Re8 10. Qc2 Bf8 11. e4 dxe4 12. Nxe4 Nxe4 13. dxe4 e5 14. Rad1 f6
15. h3 Bh5 16. Rd2 Qc7 17. Rfd1 Rad8 18. a3 a5 19. Qd3 Qb6 20. Qc3 Nc5 21. Rxd8
Rxd8 22. Rxd8 Qxd8 23. b4 axb4 24. axb4 Nd3 25. c5 Nxb2 26. Qxb2 b6 27. Qa2+
Bf7 28. Qa6 bxc5 29. bxc5 Qd1+ 30. Kh2 Qc2 31. Qxc6 Qxf2 32. Qc8 Qxc5 33. Qxc5
Bxc5 34. g4 Be3 35. Kg3 Be6 36. Nh4 g6 37. Bf1 Kf7 38. Kf3 Bd4 39. Ng2 Ke7 40.
Be2 Kd6 41. Ne3 Bxe3 42. Kxe3 g5 43. Ba6 Kc5 44. Bb7 Kb6 45. Ba8 Bc4 46. Kf3
Kc5 47. Bb7 Kd4 48. Bc8 Bf1 49. Bf5 h6 50. Bc8 Bxh3 51. Ba6 {Diagram #} 51...
Bxg4+ 52. Kxg4 Kxe4 53. Bb7+ Ke3 54. Bc6 h5+ 55. Kxh5 Kf4 56. Kg6 e4 0-1

[Event "Open - 5 Day"]
[Site "Philadelphia"]
[Date "2001.07.05"]
[Round "3"]
[White "Del Mundo, Anton P"]
[Black "Finegold, Benjamin"]
[Result "0-1"]
[WhiteElo "2322"]
[BlackElo "2623"]
[PlyCount "102"]
[EventDate "2001.07"]

1. d4 Nf6 2. Nf3 d5 3. c4 c6 4. e3 Bf5 5. Be2 e6 6. O-O h6 7. b3 Nbd7 8. Bb2
Bd6 9. Ne5 O-O 10. Nd2 Ne4 11. Nxe4 Bxe4 12. Nxd7 Qxd7 13. Bd3 f5 14. f3 Bxd3
15. Qxd3 Rf7 16. e4 fxe4 17. fxe4 Raf8 18. cxd5 cxd5 19. e5 Bc7 20. Rxf7 Rxf7
21. Rf1 Rxf1+ 22. Kxf1 Qf7+ 23. Kg1 Qf4 24. g3 Qg4 25. Bc3 h5 26. Kg2 Bb6 27.
h3 Qg5 28. Bd2 Qe7 29. a4 a6 30. b4 Qe8 31. a5 Bd8 32. h4 Be7 33. Be1 Bf8 34.
Kh3 g6 35. Bd2 Qf7 36. Kg2 Kh7 37. b5 Qf5 38. Qxf5 gxf5 39. bxa6 bxa6 40. Kf3
Kg6 41. Ke2 Be7 42. Kd3 Bd8 43. Ke3 Kf7 44. Bb4 Ke8 45. Kf4 Kd7 46. Bf8 Bxa5
47. Kg5 Ke8 48. Bc5 Kf7 49. Kxh5 Bd2 50. Ba3 a5 51. Bc5 Bc1 0-1

[Event "Open - 5 Day"]
[Site "Philadelphia"]
[Date "2001.07.05"]
[Round "3"]
[White "Fedorowicz, John P"]
[Black "Betaneli, Alexander"]
[Result "1/2-1/2"]
[WhiteElo "2607"]
[BlackElo "2306"]
[PlyCount "73"]
[EventDate "2001.07"]

1. d4 Nf6 2. c4 e6 3. Nf3 Bb4+ 4. Bd2 Qe7 5. g3 Nc6 6. Bg2 Bxd2+ 7. Nbxd2 d6 8.
O-O a5 9. e4 e5 10. d5 Nb8 11. Ne1 h5 12. h3 h4 13. g4 g5 14. Nd3 b6 15. b3 O-O
16. a3 Bb7 17. b4 axb4 18. axb4 Rxa1 19. Qxa1 Na6 20. Rc1 Nd7 21. Rc3 Ra8 22.
Ra3 Qd8 23. Nb3 f6 24. Bf1 Nf8 25. c5 bxc5 26. bxc5 Nxc5 27. Rxa8 Qxa8 28. Qxa8
Bxa8 29. Ndxc5 dxc5 30. Nxc5 Kf7 31. Na6 c6 32. Nc7 Bb7 33. d6 Nd7 34. Bc4+ Kf8
35. f3 Nc5 36. Be6 Ba6 37. Bf5 1/2-1/2

[Event "Open - 5 Day"]
[Site "Philadelphia"]
[Date "2001.07.05"]
[Round "3"]
[White "Gruenfeld, Yehuda"]
[Black "Blanco, Cristobal"]
[Result "1/2-1/2"]
[WhiteElo "2618"]
[BlackElo "2312"]
[PlyCount "89"]
[EventDate "2001.07"]

1. e4 c5 2. Nf3 Nc6 3. Nc3 Nf6 4. Bb5 e5 5. Bxc6 dxc6 6. Nxe5 Nxe4 7. Nxe4 Qd4
8. Qe2 Qxe5 9. f4 Qe7 10. f5 g6 11. f6 Qe5 12. d3 Bf5 13. Bd2 O-O-O 14. Bc3 Qe6
15. O-O c4 16. Rfe1 cxd3 17. cxd3 Bxe4 18. Qxe4 Qxe4 19. dxe4 Bc5+ 20. Kf1 Rhe8
21. e5 Kd7 22. b4 Bb6 23. Rad1+ Ke6 24. Rd6+ Kf5 25. Red1 Bc7 26. g4+ Kxg4 27.
Rxd8 Rxd8 28. Rxd8 Bxd8 29. e6 fxe6 30. a3 Kh3 31. Be5 Bxf6 32. Bxf6 Kxh2 33.
Kf2 Kh3 34. Kf3 e5 35. Bxe5 g5 36. Bc7 h5 37. a4 g4+ 38. Kf2 {Diagram #} 38...
a5 39. Bxa5 g3+ 40. Kg1 Kg4 41. Bb6 h4 42. b5 cxb5 43. axb5 h3 44. Bc5 Kf3 45.
Bb6 1/2-1/2

[Event "Open - 5 Day"]
[Site "Philadelphia"]
[Date "2001.07.05"]
[Round "3"]
[White "Ivanov, Alexander"]
[Black "Pixton, Aaron"]
[Result "0-1"]
[WhiteElo "2640"]
[BlackElo "2357"]
[PlyCount "82"]
[EventDate "2001.07"]

1. e4 c5 2. Nf3 d6 3. d4 cxd4 4. Nxd4 Nf6 5. Nc3 g6 6. Be3 Bg7 7. f3 O-O 8. Qd2
Nc6 9. O-O-O Nxd4 10. Bxd4 Be6 11. Kb1 Qc7 12. h4 Rfc8 13. g4 Qa5 14. Qg5 b5
15. Qxb5 Qc7 16. Qa4 Rab8 17. Ba6 Bd7 18. Qa3 Nxe4 19. fxe4 Bxd4 20. Rxd4 Qxc3
21. Qxc3 Rxc3 22. e5 Rg3 23. exd6 exd6 24. g5 Rb6 25. Bd3 Kg7 26. b3 h6 27.
gxh6+ Kxh6 28. a4 Rg4 29. Rxg4 Bxg4 30. a5 Rb7 31. a6 Re7 32. Bc4 f5 33. Kb2
Bf3 34. Rf1 Be4 35. Rd1 {Diagram #} 35... f4 36. Rxd6 Kh5 37. Rf6 Bf5 38. Bd3
Kg4 39. b4 f3 40. Kc3 f2 {Diagram #} 41. b5 Re3 0-1

[Event "Open - 5 Day"]
[Site "Philadelphia"]
[Date "2001.07.05"]
[Round "3"]
[White "Manne, Kiran K"]
[Black "Van Buskirk, Charles"]
[Result "0-1"]
[WhiteElo "2168"]
[BlackElo "2365"]
[PlyCount "64"]
[EventDate "2001.07"]

1. e4 c5 2. Nf3 d6 3. c3 Nf6 4. h3 Nc6 5. Bd3 d5 6. e5 Nd7 7. Bb5 Qb6 8. Qa4 e6
9. O-O Be7 10. d4 O-O 11. a3 f6 12. Bxc6 bxc6 13. Nbd2 cxd4 14. cxd4 fxe5 15.
dxe5 Ba6 16. Qg4 Bxf1 17. Qxe6+ Rf7 18. Nxf1 Nc5 19. Qg4 Ne4 20. Ne3 a5 21. b3
Raf8 22. Bb2 Bc5 23. e6 Re7 24. Re1 Qxb3 25. Be5 Qxa3 26. Re2 Qc1+ 27. Re1 Qa3
28. Re2 g6 29. Nc2 Qc1+ 30. Nce1 Nxf2 31. Rxf2 Rxf3 32. Qxf3 Qxe1+ 0-1

[Event "Open - 5 Day"]
[Site "Philadelphia"]
[Date "2001.07.05"]
[Round "3"]
[White "Sequera, Paolin"]
[Black "Fang, Joseph H"]
[Result "0-1"]
[WhiteElo "2467"]
[BlackElo "2280"]
[PlyCount "78"]
[EventDate "2001.07"]

1. e4 e5 2. Nf3 Nc6 3. Nc3 Nf6 4. Bb5 Nd4 5. Bc4 Bc5 6. d3 d6 7. Nxd4 Bxd4 8.
O-O Be6 9. Bb3 O-O 10. Kh1 Bxb3 11. axb3 d5 12. f3 h6 13. Ne2 Bb6 14. Ng3 Qd7
15. Nf5 Kh7 16. Qe1 Ne8 17. f4 g6 18. fxe5 gxf5 19. Bxh6 Rg8 20. Qh4 Rg4 21.
Qh5 dxe4 22. Rxf5 Rg6 23. Raf1 Kg8 24. Rxf7 Qg4 25. Rf8+ Kh7 26. R1f7+ Ng7 27.
Qxg4 Rxg4 {Diagram #} 28. Bxg7 ({Fritz 5.32:} 28. Rxa8 exd3 29. Bxg7 Rxg7 30.
Rxg7+ Kxg7 31. cxd3 Bd4 32. Rb8 Bxe5 {3.88/11}) 28... Rxg7 29. dxe4 Rxf8 30.
Rxf8 Re7 31. Rf5 Bd4 32. c3 Bxe5 33. g3 Bd6 34. Rh5+ Kg6 35. Rh4 Rd7 36. Kg2
Be5 37. Rg4+ Kf6 38. Rg8 Rd2+ 39. Kh3 Rxb2 0-1

[Event "Open - 5 Day"]
[Site "Philadelphia"]
[Date "2001.07.05"]
[Round "3"]
[White "Shapiro, Daniel E"]
[Black "Ashley, Maurice A"]
[Result "1/2-1/2"]
[WhiteElo "2280"]
[BlackElo "2583"]
[PlyCount "125"]
[EventDate "2001.07"]

1. d4 Nf6 2. c4 e6 3. g3 d5 4. Nf3 c6 5. Qc2 Nbd7 6. Bg2 Be7 7. O-O O-O 8. Nbd2
b6 9. Rd1 a5 10. e4 Ba6 11. e5 Ne8 12. b3 Nc7 13. Nf1 c5 14. Bf4 Rc8 15. dxc5
Nxc5 16. h4 Qe8 17. Ng5 Bxg5 18. hxg5 dxc4 19. bxc4 Qa4 20. Qxa4 Nxa4 21. Ne3
Rfd8 22. Bc6 Nb2 23. Rxd8+ Rxd8 24. Rc1 Kf8 {Diagram #} 25. Rb1 Nxc4 26. Nxc4
Bxc4 27. Rxb6 Bxa2 28. Be3 Bd5 29. Bc5+ Kg8 30. Bxd5 Nxd5 31. Ra6 Nb4 32. Rxa5
Nc6 33. Ra6 Nxe5 34. f4 Ng6 35. Kf2 Rc8 36. Bd6 h6 37. gxh6 gxh6 38. Ra3 h5 39.
Kf3 Kg7 40. Rb3 Rd8 41. Ba3 Rd7 42. Bb2+ Kh6 43. Bf6 Ne7 44. Bxe7 Rxe7 45. g4
hxg4+ 46. Kxg4 Rc7 47. Ra3 Kg6 48. Rb3 Kf6 49. Ra3 Kg6 50. Rb3 Rc1 51. Ra3 Rg1+
52. Kf3 Kh5 53. Ra5+ Kh4 54. f5 Rf1+ 55. Ke4 Kg4 56. fxe6 Re1+ 57. Kd3 Rxe6 58.
Ra1 f5 59. Rg1+ Kf4 60. Rf1+ Kg5 61. Rg1+ Kf6 62. Rg2 f4 63. Re2 1/2-1/2

[Event "Open - 5 Day"]
[Site "Philadelphia"]
[Date "2001.07.05"]
[Round "3"]
[White "Shibut, Macon A"]
[Black "Dejmek, Mark W"]
[Result "1/2-1/2"]
[WhiteElo "2362"]
[BlackElo "2154"]
[PlyCount "136"]
[EventDate "2001.07"]

1. e4 c5 2. c3 e5 3. Nf3 Nc6 4. Bc4 Qc7 5. d3 Be7 6. Nbd2 Nf6 7. Nf1 d6 8. Ne3
O-O 9. O-O h6 10. h3 Be6 11. Nh2 Bxc4 12. Nxc4 d5 13. Nd2 Rad8 14. Qf3 dxe4 15.
dxe4 b5 16. Ng4 c4 17. Nxf6+ Bxf6 18. Re1 Rd3 19. Qg4 Qd7 20. Qxd7 Rxd7 21. Nf1
Rfd8 22. Ne3 Bg5 23. Nd5 Bxc1 24. Rexc1 Ne7 25. Nxe7+ Rxe7 26. Rd1 Red7 27.
Rxd7 Rxd7 28. a4 a6 29. axb5 axb5 30. Ra8+ Kh7 31. Rb8 Rd1+ 32. Kh2 Rd2 33.
Rxb5 Rxf2 34. Kg3 Re2 35. Rxe5 Rxb2 36. Rc5 Rd2 37. Rxc4 Rd3+ 38. Kf2 Kg6 39.
Rc7 Kf6 40. c4 Rc3 41. c5 g6 42. c6 Ke5 43. Re7+ Kf6 44. Rc7 Ke5 45. Rxf7 Rxc6
46. Re7+ Kf6 47. Re8 Rc3 48. Ra8 h5 49. Ra6+ Kf7 50. h4 Rb3 51. Rd6 Ra3 52. Rb6
Rc3 53. Rb2 Kf6 54. Re2 Ke5 55. Re3 Rc4 56. Kf3 Rc1 57. g3 Rf1+ 58. Kg2 Rf6 59.
Re2 Rf8 60. Re1 Rf6 61. Re3 Rf8 62. Rf3 Ra8 63. Re3 Rf8 64. Rf3 Ra8 65. Rf7
Kxe4 66. Rf6 Rg8 67. Ra6 Kf5 68. Kf3 Rb8 1/2-1/2

[Event "Open - 5 Day"]
[Site "Philadelphia"]
[Date "2001.07.05"]
[Round "3"]
[White "Shivaji, S ** USCF EXPIRED."]
[Black "Delaune, Richard K"]
[Result "1/2-1/2"]
[WhiteElo "2211"]
[BlackElo "2385"]
[PlyCount "91"]
[EventDate "2001.07"]

1. e4 c5 2. Nf3 Nc6 3. d4 cxd4 4. Nxd4 Nf6 5. Nc3 e6 6. Ndb5 d6 7. Bf4 e5 8.
Bg5 a6 9. Na3 b5 10. Nd5 Be7 11. Bxf6 Bxf6 12. c3 Bg5 13. Nc2 Rb8 14. a4 O-O
15. axb5 axb5 16. Bd3 Ne7 17. Nxe7+ Qxe7 18. Nb4 Bb7 19. O-O f5 20. Qe2 f4 21.
f3 Rf6 22. Bxb5 Kh8 23. Bc6 Rff8 24. Bxb7 Rxb7 25. Rfd1 Qc7 26. Ra6 Rb6 27.
Rxb6 Qxb6+ 28. Qf2 Qa5 29. Qd2 Rd8 30. Kh1 Qa4 31. Qc2 Qb5 32. Qd3 Qa4 33. Qc2
Qb5 34. Ra1 h6 35. Qd2 Be7 36. Qd3 Qc5 37. Nd5 Bh4 38. Qe2 Kh7 39. b4 Qc6 40.
b5 Qb7 41. b6 Qc6 42. Rg1 Rd7 43. g3 fxg3 44. hxg3 Bd8 45. Rb1 Bxb6 46. Qa6
1/2-1/2

[Event "Open - 5 Day"]
[Site "Philadelphia"]
[Date "2001.07.05"]
[Round "3"]
[White "Shulman, Yuri"]
[Black "Paschall, William"]
[Result "1-0"]
[WhiteElo "2662"]
[BlackElo "2448"]
[PlyCount "65"]
[EventDate "2001.07"]

1. d4 Nf6 2. c4 e6 3. Nc3 Bb4 4. e3 O-O 5. Nge2 d5 6. a3 Be7 7. cxd5 exd5 8. b4
Re8 9. Ng3 c6 10. Bd3 Nbd7 11. O-O g6 12. Qb3 Nf8 13. Bd2 Ne6 14. h3 h5 15.
Nge2 Ng7 16. f3 Nf5 17. Bxf5 Bxf5 18. e4 Be6 19. e5 Nd7 20. Nf4 Qb6 21. Nxe6
fxe6 22. Be3 a5 23. Na4 Qb5 24. Qc2 Kf7 25. Nc5 Bxc5 26. bxc5 b6 27. Rab1 Qa6
28. cxb6 Nxb6 29. Qxc6 Nc8 30. Rfc1 Qxc6 31. Rxc6 Ne7 32. Rb7 Reb8 33. Rbc7 1-0

[Event "Open - 5 Day"]
[Site "Philadelphia"]
[Date "2001.07.05"]
[Round "3"]
[White "Smith, Bryan G"]
[Black "Esserman, Marc"]
[Result "1/2-1/2"]
[WhiteElo "2339"]
[BlackElo "2162"]
[PlyCount "104"]
[EventDate "2001.07"]

1. d4 Nf6 2. c4 g6 3. Nc3 d5 4. cxd5 Nxd5 5. e4 Nxc3 6. bxc3 Bg7 7. Nf3 c5 8.
Be3 Qa5 9. Qd2 O-O 10. Rc1 Bg4 11. d5 Bxf3 12. gxf3 c4 13. Bd4 b5 14. Bh3 Qc7
15. Bxg7 Kxg7 16. Qd4+ f6 17. O-O Nd7 18. Bxd7 Qxd7 19. Rfe1 e5 20. dxe6 Qxe6
21. e5 Rae8 22. Qxa7+ Rf7 23. Qc5 fxe5 24. Re3 Rf5 25. Rd1 Rh5 26. Qxb5 Re7 27.
Qc5 Rf7 28. Kf1 Qh3+ 29. Ke2 Qxh2 30. Qxc4 Rb7 31. Red3 Rf7 32. Rd7 Rhf5 33.
Rxf7+ Rxf7 34. Qg4 h5 35. Qg3 Qxg3 36. fxg3 Ra7 37. Rd2 g5 38. Kd3 Kf6 39. Kc4
Kf5 40. Rh2 h4 41. gxh4 gxh4 42. Kb5 Kf4 43. Rxh4+ Kxf3 44. a4 e4 45. a5 e3 46.
a6 e2 47. Rh3+ Kf2 48. Rh2+ Kf3 49. Rh1 Rh7 50. Re1 Rh5+ 51. Kb4 Rh6 52. Kb5
Rh5+ 1/2-1/2

[Event "Open - 5 Day"]
[Site "Philadelphia"]
[Date "2001.07.05"]
[Round "3"]
[White "Wojtkiewicz, Alek"]
[Black "Bannon, Eric"]
[Result "1-0"]
[WhiteElo "2692"]
[BlackElo "2260"]
[PlyCount "68"]
[EventDate "2001.07"]

1. Nf3 Nf6 2. c4 g6 3. g3 Bg7 4. Bg2 d6 5. d4 O-O 6. O-O Nc6 7. Nc3 a6 8. b3
Rb8 9. Nd5 b5 10. Nxf6+ exf6 11. cxb5 Rxb5 12. d5 Ne7 13. Nd4 Rxd5 14. Bxd5
Nxd5 15. Nc6 Nc3 16. Qd3 Qe8 17. Qxc3 f5 18. Nd4 c5 19. Be3 Qe4 20. Rad1 f4 21.
Bxf4 Bxd4 22. Qf3 Qe7 23. e3 Be5 24. Bxe5 dxe5 25. Qd5 Bh3 26. Rfe1 Qf6 27. f4
Re8 28. Qxc5 exf4 29. exf4 Rc8 30. Qe3 a5 31. Rd2 Rc3 32. Qd4 Qc6 33. Qd6 Qf3
34. Qf6 Rc8 {Six more move were made for time control.  The remaining moves
were: 40. ... Qc5+ 41. Rd4 Qb5 42. Ke3 Bf5  43. Qc3 Qe8+  44. Kd2 Qa8  45. Kc1
Qh1+  46. Rd1 Qa8 Kb2} 1-0

[Event "Open - 7 Day"]
[Site "Philadelphia"]
[Date "2001.07.04"]
[Round "3"]
[White "Cherniack, Alexander"]
[Black "Fernandez, John C"]
[Result "1-0"]
[WhiteElo "2293"]
[BlackElo "2020"]
[PlyCount "81"]
[EventDate "2001.07"]

1. d4 f5 2. c4 Nf6 3. g3 d6 4. d5 g6 5. Bg2 Bg7 6. Nh3 O-O 7. Nf4 Na6 8. h4 Ng4
9. O-O Nc5 10. Nd2 Qe8 11. Qc2 e5 12. dxe6 c6 13. Nf3 Bxe6 14. Rb1 Rd8 15. b3
h6 16. Bb2 Ne5 17. Rbd1 Bf7 18. Nd4 Ng4 19. h5 Be5 20. hxg6 Bxg6 21. b4 Bxf4
22. gxf4 Ne4 23. Rd3 Nef6 24. Rh3 Qd7 25. Qc3 Rde8 26. e3 Kh7 27. Nf3 Rh8 28.
Nh4 Rhg8 29. Qd4 Re6 30. Nf3 Nh5 31. Qxa7 Be8 32. Qa5 Re4 33. Nh4 Rxc4 34. Nxf5
d5 35. Nh4 Nxf2 36. Rxf2 Qxh3 37. Qc7+ Bd7 38. f5 Nf6 39. Bxf6 Rc1+ 40. Rf1
Qxe3+ 41. Kh2 1-0

[Event "Open - 7 Day"]
[Site "Philadelphia"]
[Date "2001.07.04"]
[Round "3"]
[White "Donaldson, W John"]
[Black "Ritvin, Stanislav"]
[Result "1-0"]
[WhiteElo "2519"]
[BlackElo "2310"]
[PlyCount "41"]
[EventDate "2001.07"]

1. Nf3 d5 2. d4 Nf6 3. c4 dxc4 4. e3 e6 5. Bxc4 a6 6. O-O c5 7. Bb3 b5 8. a4 b4
9. e4 cxd4 10. e5 Nfd7 11. Nxd4 Nxe5 12. Be3 Nbc6 13. Nxc6 Qxd1 14. Rxd1 Nxc6
15. a5 Be7 16. Nd2 O-O 17. Nc4 e5 18. Ba4 Nd4 19. Nxe5 Nf5 20. Nc6 Bd6 21. Bb6
1-0

[Event "Open - 7 Day"]
[Site "Philadelphia"]
[Date "2001.07.04"]
[Round "3"]
[White "Fayvinov, Zakhar"]
[Black "Formanek, Edward W"]
[Result "0-1"]
[WhiteElo "2291"]
[BlackElo "2349"]
[PlyCount "48"]
[EventDate "2001.07"]

1. Nf3 d5 2. d4 Nf6 3. c4 c6 4. e3 Bf5 5. Nc3 e6 6. Be2 Ne4 7. O-O Nd7 8. Nd2
Nxd2 9. Bxd2 Bd6 10. c5 Bc7 11. b4 e5 12. Bg4 Bxg4 13. Qxg4 O-O 14. dxe5 Nxe5
15. Qh3 Nc4 16. Be1 Qf6 17. Qf3 Qe5 18. g3 a5 19. b5 a4 20. Rd1 Nb2 21. Rd4 {
Black's 21st move was missing from the scoresheet.  White resigned in three
more moves.  The remaining moves are given.} 21... Rfe8 22. bxc6 bxc6 23. Rb4
Nd3 24. Rb7 Nxc5 0-1

[Event "Open - 7 Day"]
[Site "Philadelphia"]
[Date "2001.07.04"]
[Round "3"]
[White "Gaprindishvili, Valerian"]
[Black "Solomon, Kenneth"]
[Result "1-0"]
[WhiteElo "2473"]
[BlackElo "2390"]
[PlyCount "89"]
[EventDate "2001.07"]

1. d4 Nf6 2. c4 e6 3. Nc3 Bb4 4. e3 O-O 5. Bd3 c5 6. Nge2 cxd4 7. exd4 d5 8.
cxd5 Nxd5 9. O-O Bd6 10. Nxd5 exd5 11. Nf4 Bxf4 12. Bxf4 Nc6 13. Be3 f5 14. f3
f4 15. Bf2 Qg5 16. Re1 Bf5 17. Bf1 Bg6 18. Rc1 Rab8 19. Qa4 Qf6 20. Rc5 Bf7 21.
Bb5 Rfc8 22. Rec1 Qe7 23. a3 Rc7 24. b4 Qf6 25. Qd1 Rbc8 26. Bf1 Qd6 27. Qc2
Bg6 28. Qb3 Bf7 29. Qc3 Bg6 30. Qd2 Ne7 31. Qc3 Rxc5 32. dxc5 Qd7 33. Qd2 Rf8
34. b5 Kh8 35. Rd1 h6 36. a4 Kg8 37. Bh4 Kh8 38. Bf2 Qc7 39. a5 Qc8 40. Qb4 Rf7
41. Ra1 Qc7 42. a6 Nc8 43. b6 Qb8 44. axb7 Qxb7 45. Ba6 1-0

[Event "Open Section"]
[Site "Philadephia"]
[Date "2001.07.??"]
[Round "3"]
[White "Milman, Lev"]
[Black "Onischuk, Alexander"]
[Result "0-1"]
[WhiteElo "2033"]
[BlackElo "2704"]
[PlyCount "103"]
[EventDate "2001.07.21"]

1. e4 e5 2. Nf3 Nc6 3. d4 exd4 4. c3 d5 5. exd5 Qxd5 6. cxd4 Bg4 7. Be2 Bb4+ 8.
Nc3 Nf6 9. O-O Bxc3 10. bxc3 O-O 11. h3 Bh5 12. c4 Qd6 13. d5 Bxf3 14. Bxf3 Ne5
15. Be2 Rfe8 16. Qb3 Ne4 17. Qc2 Qg6 18. Re1 Nd6 19. Qxg6 hxg6 20. Bf4 b6 21.
Rac1 Nd7 22. Be3 Nc5 23. a4 Nxa4 24. Ra1 Nc5 25. Bxc5 bxc5 26. Ra5 Re7 27. Kf1
Rae8 28. Rxa7 Nxc4 29. Ra2 Nb6 30. Rc1 Nxd5 31. Bb5 Rb8 32. Rxc5 c6 33. Ra5
Rxb5 34. Raxb5 cxb5 35. Rxd5 Rb7 36. Ke2 b4 37. Kd2 b3 38. Kc1 Rc7+ 39. Kb2
Rc2+ 40. Kxb3 Rxf2 41. Rg5 Kh7 42. Kc3 Kh6 43. Rg3 g5 44. Kd4 f5 45. Ke5 Kg6
46. Ke6 Re2+ 47. Kd5 Kh5 48. Rf3 f4 49. Ra3 Rxg2 50. Ke4 Kh4 51. Ra7 Re2+ 52.
Kd3 0-1

[Event "Open - 7 Day"]
[Site "Philadelphia"]
[Date "2001.07.04"]
[Round "3"]
[White "Geist, Mark J"]
[Black "Simutowe, Amon"]
[Result "0-1"]
[WhiteElo "2274"]
[BlackElo "2570"]
[PlyCount "56"]
[EventDate "2001.07"]

1. e4 c5 2. b4 cxb4 3. a3 bxa3 4. Nxa3 e6 5. Bb2 Nc6 6. Nf3 d5 7. e5 f6 8. exf6
Nxf6 9. d4 Qb6 10. Qc1 Ne4 11. Bd3 Be7 12. O-O O-O 13. c4 Rxf3 14. c5 Qc7 15.
Bxe4 Rf7 16. Bb1 Bd7 17. Nb5 Qf4 18. Qc2 g6 19. g3 Qg4 20. Qd2 Ne5 21. dxe5
Bxb5 22. Bd3 Bxd3 23. Qxd3 Bxc5 24. Qb5 Qc4 25. Qa5 Rxf2 26. Rxf2 Rf8 27. Raf1
Qc2 28. Ba3 Rxf2 0-1

[Event "Open - 7 Day"]
[Site "Philadelphia"]
[Date "2001.07.04"]
[Round "3"]
[White "Gibson, Carter B"]
[Black "Mucerino, Joseph J"]
[Result "1/2-1/2"]
[WhiteElo "2082"]
[BlackElo "1902"]
[PlyCount "52"]
[EventDate "2001.07"]

1. e4 d5 2. exd5 Nf6 3. Bb5+ Bd7 4. Bc4 Bg4 5. Be2 Bxe2 6. Qxe2 Qxd5 7. Nf3 Nc6
8. O-O O-O-O 9. Nc3 Qh5 10. Qc4 e6 11. d3 Bd6 12. Bf4 Qg4 13. Ne2 Bxf4 14. Qxf4
Qxf4 15. Nxf4 e5 16. Ne2 Rhe8 17. Nc3 Nd4 18. Nxd4 exd4 19. Na4 Re2 20. Rac1
Rde8 21. a3 Rd2 22. Rfd1 Rxd1+ 23. Rxd1 Re2 24. Rc1 Re5 25. b3 Nd5 26. Kf1 b6
1/2-1/2

[Event "Open - 7 Day"]
[Site "Philadelphia"]
[Date "2001.07.04"]
[Round "3"]
[White "Hajenius, Willem D"]
[Black "Rust, Larry"]
[Result "1/2-1/2"]
[WhiteElo "2142"]
[BlackElo "1875"]
[PlyCount "90"]
[EventDate "2001.07"]

1. d4 Nf6 2. c4 c5 3. d5 e6 4. Nc3 exd5 5. cxd5 d6 6. e4 g6 7. f4 Bg7 8. Nf3
O-O 9. Be2 a6 10. a4 Bg4 11. O-O Bxf3 12. Bxf3 Re8 13. Re1 Nbd7 14. Kh1 Rb8 15.
a5 b5 16. axb6 Rxb6 17. Qe2 Nxe4 18. Bxe4 f5 19. Be3 fxe4 20. Rxa6 Nf6 21. Rxb6
Qxb6 22. Rd1 Rb8 23. Bc1 Qb4 24. g4 Re8 25. g5 Nh5 26. Qb5 Rb8 27. Qd7 Bxc3 28.
Qe6+ Kh8 29. bxc3 Qxc3 30. Qxe4 Ng7 31. Kg2 Re8 32. Qf3 Qc2+ 33. Bd2 Nf5 34.
Qc3+ Nd4 35. Qxc2 Nxc2 36. Kf2 Ra8 37. Bc3+ Kg8 38. Rd2 Ra2 39. Ke2 Kf7 40. h3
Ke7 41. Kd3 Ne1+ 42. Kc4 Rxd2 43. Bxd2 Nf3 44. Be3 Nh4 45. Kb5 Nf5 1/2-1/2

[Event "Open - 7 Day"]
[Site "Philadelphia"]
[Date "2001.07.04"]
[Round "3"]
[White "Mayers, Dan E"]
[Black "Wall, Brian"]
[Result "0-1"]
[WhiteElo "1908"]
[BlackElo "2200"]
[PlyCount "74"]
[EventDate "2001.07"]

1. e4 d5 2. exd5 Nf6 3. d4 Bg4 4. f3 Bf5 5. Bb5+ Nbd7 6. c4 a6 7. Bxd7+ Qxd7 8.
Nc3 e6 9. Bg5 b5 10. b3 Bb4 11. Nge2 exd5 12. Bxf6 gxf6 13. a3 Bxc3+ 14. Nxc3
dxc4 15. bxc4 bxc4 16. Ne4 O-O-O 17. Kf2 Bxe4 18. fxe4 Qxd4+ 19. Qxd4 Rxd4 20.
Ke3 Rd3+ 21. Kf4 Rhd8 22. Rhf1 R8d6 23. Rf3 Kd7 24. Rc1 R6d4 25. Rc3 Rxc3 26.
Rxc3 Kd6 27. Rc1 Kc5 28. Ke3 Rd3+ 29. Ke2 Kd4 30. Rb1 Rxa3 31. Rb7 Ra2+ 32. Kd1
Kd3 33. Kc1 c3 34. Kb1 Rxg2 35. Rxc7 Rg1+ 36. Ka2 c2 37. Kb2 Rb1+ 0-1

[Event "Open - 7 Day"]
[Site "Philadelphia"]
[Date "2001.07.04"]
[Round "3"]
[White "Nsubuga, Grace"]
[Black "Amador, Jorge E"]
[Result "1-0"]
[WhiteElo "2364"]
[BlackElo "1940"]
[PlyCount "65"]
[EventDate "2001.07"]

1. e4 c5 2. Nf3 Nc6 3. Bb5 e6 4. O-O Nge7 5. Re1 a6 6. Bf1 b5 7. a4 b4 8. b3
Ng6 9. Bb2 f6 10. d4 cxd4 11. Nxd4 Qc7 12. Nd2 Bc5 13. N2f3 O-O 14. Qd2 Rd8 15.
Rad1 Bb7 16. Bc4 Rac8 17. Nxc6 Qxc6 18. Bd4 Kf8 19. h4 Bxd4 20. Nxd4 Qb6 21. a5
Qxa5 22. h5 Ne5 23. Bxe6 dxe6 24. Nxe6+ Ke7 25. Nxd8 Rxd8 26. Qe3 Rxd1 27. Rxd1
Nd7 28. Qd4 Qb5 29. Qd6+ Ke8 30. Qe6+ Kd8 31. h6 gxh6 32. Qxf6+ Kc7 33. Qxh6
1-0

[Event "Open - 7 Day"]
[Site "Philadelphia"]
[Date "2001.07.04"]
[Round "3"]
[White "Popovych, Orest"]
[Black "Nagle, Sean"]
[Result "0-1"]
[WhiteElo "2339"]
[BlackElo "2285"]
[PlyCount "168"]
[EventDate "2001.07"]

1. e4 c5 2. Nf3 d6 3. d4 cxd4 4. Nxd4 Nf6 5. Nc3 g6 6. Be3 Bg7 7. f3 O-O 8. Qd2
Nc6 9. Bc4 Bd7 10. h4 Ne5 11. Bb3 Qa5 12. O-O-O Rfc8 13. g4 Rc4 14. g5 Rxd4 15.
Bxd4 Nxf3 16. Qf2 Nxd4 17. Rxd4 Nh5 18. Qxf7+ Kh8 19. Rf1 Ng3 20. Rf3 Bc6 21.
Rd1 Nxe4 22. Nxe4 Bxe4 23. Rf4 Qe5 24. Rdf1 Qxb2+ 25. Kd1 Bf5 26. Qxe7 Rc8 27.
Rc4 Rf8 {Diagram #} 28. Re1 b5 29. Rf4 Bxc2+ 30. Bxc2 Rxf4 31. Qe8+ Rf8 32. Qc6
Bc3 33. Rh1 Be5 34. Qe4 d5 35. Qxd5 Bc7 {Diagram #} ({Fritz 5.32:} 35... Bf4
36. Bf5 gxf5 37. Qd7 Qb1+ 38. Ke2 Qe4+ 39. Kf2 Be3+ 40. Kf1 {-9.50/10}) 36. Qe4
Qc3 37. Ke2 Ba5 38. Rd1 Bb6 39. Rf1 Rxf1 40. Kxf1 Qc4+ 41. Qxc4 bxc4 42. Ke2
Kg7 43. Kf3 Ba5 44. Kg4 Kf7 45. h5 gxh5+ 46. Kxh5 Kg7 47. Be4 Bd2 48. Bc2 h6
49. g6 Bb4 50. Kg4 Kf6 51. Kf4 Bd2+ 52. Kg4 Bc3 53. Kh5 Kg7 54. Kg4 Kf6 55. Kh5
Bd2 56. Kg4 c3 57. Kh5 Bc1 58. Bd3 Kg7 59. Kg4 Ba3 60. Kf5 Be7 61. Kg4 Kf6 62.
Kf4 Bf8 63. Bc2 Bg7 64. Bd3 Ke6 65. Bc4+ Kd6 66. Bb3 Kc5 67. Ke3 Kb4 68. Kd3
Ka3 69. Kc2 h5 70. Be6 h4 71. Kb1 Bf6 72. Kc2 Bg7 73. Kb1 Kb4 74. Kc2 Kc5 75.
Kd3 Kd6 76. Bh3 Bf6 77. Bc8 Ke7 78. Bf5 Be5 79. Ke3 Kf6 80. Bc2 Kg5 81. Kf3 h3
82. Bb1 h2 83. Kg2 a5 84. a4 Kg4 0-1